[Event "1. Bundesliga 2015/2016"]
[Site "St. Veit/Glan"]
[Date "2016.02.26"]
[Round "6"]
[Board "4"]
[White "Schmaltz, Roland"]
[Black "Schreiner, Peter"]
[Result "0-1"]
[WhiteElo "2487"]
[BlackElo "2461"]
[PlyCount "102"]
[EventDate "2015.11.05"]
[EventType "team"]
[EventRounds "11"]
[EventCountry "AUT"]
[WhiteTeam "L.A. Kraftanlage Ottakring"]
[BlackTeam "SV Raika Rapid Feffernitz"]

1.e4 e5 2.Nf3 Nc6 3.Bc4 Nf6 4.d3 Be7 5.Bb3 O-O 6.O-O d6 7.Re1 Na5 8.Ba4 a6 9.c3 c5
10.Nbd2 b5 11.Bc2 Nc6 12.Nf1 Re8 13.Ng3 h6 14.h3 Bf8 15.a4 Rb8 16.axb5 axb5 17.Nh2
g6 18.f4 exf4 19.Bxf4 g5 20.Be3 d5 21.Rf1 dxe4 22.dxe4 Qxd1 23.Raxd1 Re6 24.Rd2 Ne5
25.b3 Bb7 26.Rdf2 Ned7 27.Rd1 Bc6 28.Rfd2 Rbe8 29.Bf2 Ne5 30.Rd8 Ng6 31.Rxe8 Rxe8
32.Re1 h5 33.Nf3 h4 34.Nf5 Nxe4 35.Bxe4 Rxe4 36.Nxg5 Rf4 37.g4 hxg3 38.Nxg3 Bh6 39.Ne6
Rh4 40.Nxc5 Rxh3 41.Nd3 Bg7 42.c4 bxc4 43.bxc4 Nh4 44.Kf1 Nf3 45.Re2 Nh2+ 46.Kg1 Ng4
47.Nb4 Bf3 48.Re8+ Kh7 49.Kf1 Be5 50.Ne2 Rh1+ 51.Ng1 Nh2+ 0-1

[Event "1. Bundesliga 2015/2016"]
[Site "St. Veit/Glan"]
[Date "2016.02.26"]
[Round "6"]
[Board "5"]
[White "Sebenik, Matej"]
[Black "Menezes, Christoph"]
[Result "1/2-1/2"]
[WhiteElo "2527"]
[BlackElo "2395"]
[PlyCount "88"]
[EventDate "2015.11.05"]
[EventType "team"]
[EventRounds "11"]
[EventCountry "AUT"]
[WhiteTeam "SV Raika Rapid Feffernitz"]
[BlackTeam "L.A. Kraftanlage Ottakring"]

1.d4 Nf6 2.c4 e6 3.Nc3 Bb4 4.e3 O-O 5.Nge2 d5 6.a3 Bd6 7.Ng3 c6 8.Be2 Nbd7 9.O-O dxc4
10.Bxc4 e5 11.Ba2 Nb6 12.Nce4 exd4 13.Qxd4 Bxg3 14.Nxf6+ Qxf6 15.hxg3 Qxd4 16.exd4
Re8 17.Bf4 Be6 18.Bxe6 Rxe6 19.Rfe1 Rae8 20.Kf1 Rxe1+ 21.Rxe1 Rxe1+ 22.Kxe1 f6 23.g4
Kf7 24.b3 Ke6 25.Kd2 Nd5 26.Bb8 a6 27.Kd3 b5 28.f3 g6 29.g3 Ne7 30.Bc7 Nd5 31.Bb8
f5 32.gxf5+ gxf5 33.g4 Nf6 34.Kc3 Nd5+ 35.Kd3 Nf6 36.Kc3 Nd5+ 37.Kd3 Kf6 38.a4 Nb4+
39.Ke3 Nd5+ 40.Kd3 Kg5 41.gxf5 Kxf5 42.Bd6 h5 43.Bg3 Nf4+ 44.Ke3 Nd5+ 1/2-1/2

[Event "1. Bundesliga 2015/2016"]
[Site "St. Veit/Glan"]
[Date "2016.02.26"]
[Round "6"]
[Board "6"]
[White "Gstach, Jakob"]
[Black "Zorko, Jure"]
[Result "1/2-1/2"]
[WhiteElo "2267"]
[BlackElo "2457"]
[PlyCount "168"]
[EventDate "2015.11.05"]
[EventType "team"]
[EventRounds "11"]
[EventCountry "AUT"]
[WhiteTeam "L.A. Kraftanlage Ottakring"]
[BlackTeam "SV Raika Rapid Feffernitz"]

1.g3 Nf6 2.Bg2 d5 3.Nf3 c6 4.O-O Bg4 5.c4 e6 6.cxd5 exd5 7.d3 Nbd7 8.Nc3 Bxf3 9.Bxf3
d4 10.Ne4 Nxe4 11.Bxe4 Bc5 12.b4 Be7 13.b5 cxb5 14.Bxb7 Rb8 15.Bf3 Ne5 16.Bg2 O-O
17.Bf4 Bd6 18.Qb3 Ng6 19.Bxd6 Qxd6 20.Rac1 Ne7 21.e4 dxe3 22.fxe3 a5 23.Qc3 Qe6 24.e4
Qxa2 25.Rf2 Qe6 26.Qxa5 Nc6 27.Qc3 Ne5 28.Bh3 Qh6 29.Rcf1 Nxd3 30.Qxd3 Qxh3 31.Rf5
Qh6 32.Rxb5 Rxb5 33.Qxb5 Qe3+ 34.Rf2 Qxe4 35.Qf5 Qb7 36.Qf3 Qa7 37.Qd5 h6 38.Kg2 Re8
39.Qb3 Qa8+ 40.Qf3 Qa7 41.Qd5 Qe7 42.Qf5 g6 43.Qd5 h5 44.h4 Qc7 45.Rd2 Qc8 46.Rf2
Re6 47.Rd2 Kh7 48.Qd7 Qa8+ 49.Qd5 Qe8 50.Rf2 Qe7 51.Qf3 Kg7 52.Qd5 f6 53.Rb2 Re2+
54.Rxe2 Qxe2+ 55.Kg1 Qe7 56.Kf2 Qc7 57.Kg2 Qe5 58.Qd7+ Kh6 59.Qf7 f5 60.Qf8+ Qg7 61.Qd8
Qb7+ 62.Kh2 Kh7 63.Qf8 Qg7 64.Qe8 Qf6 65.Qd7+ Kg8 66.Qe8+ Kg7 67.Qd7+ Kf8 68.Kg2 Qe7
69.Qd4 Qe2+ 70.Kg1 Qe6 71.Qh8+ Ke7 72.Qg7+ Kd6 73.Qd4+ Kc6 74.Qa4+ Kc7 75.Qa7+ Kd8
76.Qd4+ Kc7 77.Qa7+ Kc6 78.Qa4+ Kc5 79.Qa5+ Kd6 80.Kf2 Qd5 81.Qd8+ Kc5 82.Qa5+ Kd6
83.Qd8+ Kc5 84.Qa5+ Kd6 1/2-1/2

[Event "1. Bundesliga 2015/2016"]
[Site "St. Veit/Glan"]
[Date "2016.02.26"]
[Round "6"]
[Board "1"]
[White "Haba, Petr"]
[Black "Georgiadis, Nico"]
[Result "1/2-1/2"]
[WhiteElo "2481"]
[BlackElo "2486"]
[PlyCount "74"]
[EventDate "2015.11.05"]
[EventType "team"]
[EventRounds "11"]
[EventCountry "AUT"]
[WhiteTeam "Spk. Grieskirchen/Bad Schallerbach"]
[BlackTeam "Schachclub Sparkasse Goetzis"]

1.e4 e5 2.Nf3 Nc6 3.Bb5 Nf6 4.O-O Nxe4 5.d4 Nd6 6.Bxc6 dxc6 7.dxe5 Nf5 8.Qxd8+ Kxd8
9.Rd1+ Ke8 10.Nc3 Ne7 11.h3 Ng6 12.b3 Be7 13.Ne2 Bd7 14.Bb2 Rd8 15.c4 c5 16.Ne1 h5
17.f4 h4 18.Nc2 Bf5 19.Ne3 Bd3 20.f5 Bg5 21.Kf2 Bxe3+ 22.Kxe3 Bxf5 23.Nc3 c6 24.Rxd8+
Kxd8 25.Rf1 Rh5 26.Ne4 Bxe4 27.Kxe4 Ke7 28.Rf5 Rh8 29.Rf2 Nf8 30.Bc1 Ne6 31.Be3 g6
32.Rd2 Rh5 33.Rf2 b6 34.Rf6 Rh8 35.Rf2 Rh5 36.Rf6 Rh8 37.Rf2 Rh5 1/2-1/2

[Event "1. Bundesliga 2015/2016"]
[Site "St. Veit/Glan"]
[Date "2016.02.26"]
[Round "6"]
[Board "2"]
[White "Krassowizkij, Jaroslaw"]
[Black "Kilgus, Georg"]
[Result "0-1"]
[WhiteElo "2446"]
[BlackElo "2410"]
[PlyCount "88"]
[EventDate "2015.11.05"]
[EventType "team"]
[EventRounds "11"]
[EventCountry "AUT"]
[WhiteTeam "Schachclub Sparkasse Goetzis"]
[BlackTeam "Spk. Grieskirchen/Bad Schallerbach"]

1.d4 Nf6 2.c4 g6 3.Nc3 d5 4.Nf3 Bg7 5.Qb3 dxc4 6.Qxc4 O-O 7.e4 Be6 8.Qd3 c5 9.d5 Bg4
10.h3 Bxf3 11.Qxf3 e6 12.dxe6 fxe6 13.Bc4 Nc6 14.O-O Nd4 15.Qd3 Nh5 16.Nb5 Kh8 17.Nxd4
Bxd4 18.Be3 Nf4 19.Qb3 Qg5 20.Bxf4 Rxf4 21.Bxe6 Raf8 22.Qd5 Qxd5 23.Bxd5 Rxf2 24.Rxf2
Rxf2 25.Kh2 b5 26.Kg3 Rxb2 27.Rf1 Be5+ 28.Kf3 c4 29.Rf2 c3 30.Bb3 Kg7 31.Rxb2 cxb2
32.Bc2 Kf6 33.Ke2 Ke6 34.a4 bxa4 35.Kd3 a3 36.Bb3+ Kd6 37.Kc2 Kc5 38.Kb1 Kd4 39.g4
g5 40.Bg8 h6 41.Bf7 Ke3 42.Bc4 Kf3 43.Bf1 Kf2 44.Bc4 Kg2 0-1

[Event "1. Bundesliga 2015/2016"]
[Site "St. Veit/Glan"]
[Date "2016.02.26"]
[Round "6"]
[Board "3"]
[White "Webersberger, Johann"]
[Black "Hirneise, Tobias"]
[Result "1/2-1/2"]
[WhiteElo "2362"]
[BlackElo "2449"]
[PlyCount "63"]
[EventDate "2015.11.05"]
[EventType "team"]
[EventRounds "11"]
[EventCountry "AUT"]
[WhiteTeam "Spk. Grieskirchen/Bad Schallerbach"]
[BlackTeam "Schachclub Sparkasse Goetzis"]

1.Nf3 c5 2.g3 Nc6 3.Bg2 g6 4.c3 Bg7 5.d4 cxd4 6.cxd4 d5 7.Nc3 e6 8.O-O Nge7 9.Bf4
O-O 10.Rc1 Nf5 11.e3 f6 12.h4 h6 13.g4 Nfe7 14.Ne1 e5 15.dxe5 fxe5 16.Bh2 Be6 17.Nd3
b6 18.b4 e4 19.b5 Na5 20.Nf4 Qd7 21.Nxe6 Qxe6 22.Ne2 Qxg4 23.Nf4 Qd7 24.Bxe4 Rad8
25.Bg2 Be5 26.Bh3 Qd6 27.Qg4 Kh7 28.Kh1 Rf6 29.Ne6 h5 30.Ng5+ Kg8 31.Bxe5 Qxe5 32.Qg3 1/2-1/2

[Event "1. Bundesliga 2015/2016"]
[Site "St. Veit/Glan"]
[Date "2016.02.26"]
[Round "6"]
[Board "4"]
[White "Kessler, Luca"]
[Black "Schwabeneder, Florian"]
[Result "1/2-1/2"]
[WhiteElo "2433"]
[BlackElo "2371"]
[PlyCount "145"]
[EventDate "2015.11.05"]
[EventType "team"]
[EventRounds "11"]
[EventCountry "AUT"]
[WhiteTeam "Schachclub Sparkasse Goetzis"]
[BlackTeam "Spk. Grieskirchen/Bad Schallerbach"]

1.Nf3 c5 2.c4 Nf6 3.Nc3 Nc6 4.d4 cxd4 5.Nxd4 e6 6.Ndb5 d6 7.e4 a6 8.Na3 Be7 9.Be2
b6 10.O-O Bb7 11.Be3 O-O 12.Qb3 Nd7 13.f3 Nc5 14.Qd1 Rc8 15.Qd2 Qc7 16.Rfd1 Qb8 17.Rac1
Rfd8 18.Kh1 Ne5 19.Qe1 Ng6 20.Qf2 Bc6 21.Nc2 Bh4 22.Qg1 Bf6 23.Nd4 Ba8 24.b4 Nd7 25.Qf2
Bh4 26.Qg1 Bf6 27.Qf2 Bh4 28.Qf1 Bf6 29.Rc2 Bb7 30.Rdc1 Be5 31.g3 Qa8 32.Kg1 Rf8 33.Bd3
Bxd4 34.Bxd4 Nge5 35.Be2 Nc6 36.Be3 Nxb4 37.Rd2 Qb8 38.Rcd1 Nc5 39.Rxd6 Nc6 40.Qf2
Qa7 41.h4 Rfd8 42.h5 Rxd6 43.Rxd6 h6 44.Qe1 Qb8 45.Qd2 Rd8 46.Rxd8+ Nxd8 47.Kf2 Nc6
48.Bf4 Qc8 49.Qd6 Nd7 50.Qc7 Qxc7 51.Bxc7 Na7 52.Ke3 Nc8 53.f4 Kf8 54.g4 Ke7 55.g5
Bc6 56.gxh6 gxh6 57.f5 Nd6 58.f6+ Nxf6 59.Bxb6 Nfxe4 60.Nxe4 Nxe4 61.c5 Nc3 62.Bxa6
Nxa2 63.Ba5 Nc1 64.Bc4 Bd5 65.Bxd5 exd5 66.c6 d4+ 67.Ke4 Ke6 68.Bd2 f5+ 69.Kxd4 Nb3+
70.Kc3 Nxd2 71.Kxd2 Kd6 72.Ke3 Kxc6 73.Kf4 1/2-1/2

[Event "1. Bundesliga 2015/2016"]
[Site "St. Veit/Glan"]
[Date "2016.02.26"]
[Round "6"]
[Board "5"]
[White "Lentrodt, Thomas"]
[Black "Anistratov, Dmitrij"]
[Result "0-1"]
[WhiteElo "2263"]
[BlackElo "2287"]
[PlyCount "118"]
[EventDate "2015.11.05"]
[EventType "team"]
[EventRounds "11"]
[EventCountry "AUT"]
[WhiteTeam "Spk. Grieskirchen/Bad Schallerbach"]
[BlackTeam "Schachclub Sparkasse Goetzis"]

1.Nf3 d6 2.d4 Nf6 3.c4 c6 4.Nc3 Nbd7 5.e4 e5 6.Be2 Be7 7.O-O a6 8.d5 cxd5 9.cxd5 b5
10.a3 O-O 11.Ne1 Nb6 12.b3 Qc7 13.Bd2 Bd7 14.Rc1 Qb7 15.f3 Rfc8 16.Nd3 Be8 17.Be3
Nbd7 18.Qe1 Bd8 19.Qf2 Bb6 20.Bxb6 Nxb6 21.Nb1 Bd7 22.Qe3 h6 23.Rxc8+ Rxc8 24.Rc1
Ne8 25.Rxc8 Nxc8 26.Kf2 f5 27.Ke1 Nf6 28.Kd2 Qc7 29.Nb4 a5 30.Nd3 Nb6 31.Nb2 Be8 32.Bd3
fxe4 33.fxe4 b4 34.axb4 axb4 35.h3 Bg6 36.Ke2 Nbd7 37.Na4 Nh5 38.g3 Ndf6 39.Kf2 Qf7
40.Kg1 Nh7 41.Nd2 Qd7 42.Bf1 N5f6 43.h4 Qc7 44.Bc4 Nf8 45.Nb2 N8d7 46.Nd3 Ng4 47.Qe2
Ndf6 48.Kg2 Qb6 49.Ne1 Ne3+ 50.Kh3 Nxe4 51.Nef3 Bf5+ 52.Kh2 Ng4+ 53.Kg2 Nxd2 54.Nxd2
Qd4 55.Qe1 e4 56.Be2 Ne3+ 57.Kh2 Nc2 58.Qd1 Qf2+ 59.Kh1 Ne3 0-1

[Event "1. Bundesliga 2015/2016"]
[Site "St. Veit/Glan"]
[Date "2016.02.26"]
[Round "6"]
[Board "6"]
[White "Schloetzer, Waldemar"]
[Black "Obermayr, Hermann"]
[Result "1-0"]
[WhiteElo "2282"]
[BlackElo "2132"]
[PlyCount "135"]
[EventDate "2015.11.05"]
[EventType "team"]
[EventRounds "11"]
[EventCountry "AUT"]
[WhiteTeam "Schachclub Sparkasse Goetzis"]
[BlackTeam "Spk. Grieskirchen/Bad Schallerbach"]

1.d4 Nf6 2.c4 c5 3.d5 a6 4.Qc2 e5 5.e4 d6 6.Bd3 Be7 7.Ne2 Nbd7 8.Nbc3 Rb8 9.Bd2 Nf8
10.a3 Ng6 11.O-O O-O 12.b4 b6 13.Rab1 Bd7 14.bxc5 bxc5 15.Rxb8 Qxb8 16.Rb1 Qa7 17.Qb2
Bd8 18.f3 Ba5 19.Nc1 Ne8 20.Bc2 h6 21.g3 f5 22.Qb7 Qxb7 23.Rxb7 Bc8 24.Rb8 Ne7 25.Nb3
Bc7 26.Ra8 Nf6 27.Ra7 Ne8 28.Na5 Bxa5 29.Rxe7 Bd8 30.Ra7 fxe4 31.Nxe4 Bb6 32.Ra8 Nc7
33.Rb8 Ba7 34.Rb3 Ne8 35.Kg2 Rf7 36.f4 Bg4 37.Bd3 exf4 38.Bxf4 g5 39.Nxd6 Nxd6 40.Bxd6
Bf3+ 41.Kh3 h5 42.Rb1 Bg4+ 43.Kg2 Bf3+ 44.Kg1 Bxd5 45.Re1 Rd7 46.Be7 Bf7 47.Bf1 g4
48.Re5 Rd1 49.Kf2 Rd2+ 50.Ke3 Ra2 51.Bd3 Rxa3 52.Rg5+ Bg6 53.Rxg6+ Kf7 54.Rh6 Kxe7
55.Rh7+ Kd6 56.Rxa7 Ra2 57.Ke4 a5 58.Ra6+ Kc7 59.Ke5 a4 60.Be4 a3 61.Kd5 Kb7 62.Ra5
Kb6 63.Rb5+ Ka6 64.Kxc5 Re2 65.Bb7+ Ka7 66.Bd5 a2 67.Ra5+ Kb8 68.Kd6 1-0

[Event "1. Bundesliga 2015/2016"]
[Site "St. Veit/Glan"]
[Date "2016.02.26"]
[Round "6"]
[Board "1"]
[White "Bindrich, Falko"]
[Black "Ragger, Markus"]
[Result "1/2-1/2"]
[WhiteElo "2574"]
[BlackElo "2697"]
[PlyCount "63"]
[EventDate "2015.11.05"]
[EventType "team"]
[EventRounds "11"]
[EventCountry "AUT"]
[WhiteTeam "SK Hohenems"]
[BlackTeam "SC MPOE Maria Saal"]

1.d4 Nf6 2.c4 g6 3.Nc3 d5 4.cxd5 Nxd5 5.e4 Nxc3 6.bxc3 Bg7 7.Be3 c5 8.Rc1 Qa5 9.Qd2
cxd4 10.cxd4 Qxd2+ 11.Bxd2 O-O 12.Nf3 e6 13.Bb5 Bd7 14.Bxd7 Nxd7 15.Rc7 Nf6 16.e5
Nd5 17.Rxb7 Rfb8 18.Rxb8+ Rxb8 19.O-O Bf8 20.a4 Rb2 21.h3 Bb4 22.Bxb4 Rxb4 23.a5 Ra4
24.Rb1 Rxa5 25.Rb8+ Kg7 26.Ng5 Ra1+ 27.Kh2 Rc1 28.Ne4 Rc2 29.Rb7 Rc7 30.Rb8 Rc2 31.Rb7
Rc7 32.Rb8 1/2-1/2

[Event "1. Bundesliga 2015/2016"]
[Site "St. Veit/Glan"]
[Date "2016.02.26"]
[Round "6"]
[Board "2"]
[White "Pavasovic, Dusko"]
[Black "Rozentalis, Eduardas"]
[Result "1/2-1/2"]
[WhiteElo "2547"]
[BlackElo "2584"]
[PlyCount "118"]
[EventDate "2015.11.05"]
[EventType "team"]
[EventRounds "11"]
[EventCountry "AUT"]
[WhiteTeam "SC MPOE Maria Saal"]
[BlackTeam "SK Hohenems"]

1.e4 e6 2.d4 d5 3.Nd2 c5 4.Ngf3 Nf6 5.e5 Nfd7 6.c3 Nc6 7.Bd3 Qb6 8.O-O cxd4 9.cxd4
Nxd4 10.Nxd4 Qxd4 11.Nf3 Qb6 12.Qa4 Qb4 13.Qc2 Qc5 14.Qe2 Qb6 15.a3 Be7 16.Be3 Qd8
17.Rac1 O-O 18.Rc3 f5 19.exf6 Bxf6 20.Bd4 Bxd4 21.Nxd4 Nf6 22.Nxe6 Bxe6 23.Qxe6+ Kh8
24.Rfc1 Re8 25.Qf5 Qb6 26.b4 Qd4 27.h3 Rad8 28.Rc7 Rf8 29.Qg5 Rd7 30.Qe3 Qxe3 31.fxe3
g6 32.Rxd7 Nxd7 33.Rc7 Ne5 34.Be2 Rf7 35.Rxf7 Nxf7 36.Bf3 Nd6 37.Bxd5 Kg7 38.Kf2 Kf6
39.Ke2 Ke5 40.Bf3 b6 41.Kd3 g5 42.a4 h6 43.Kc3 Nf5 44.Kc4 Nd6+ 45.Kd3 Nf5 46.Bc6 Nd6
47.Ke2 Nf5 48.Kf3 Ne7 49.Bb7 Ng8 50.Ke2 Nf6 51.Bc6 Kd6 52.Bf3 Ke5 53.Kd3 Ne8 54.Bc6
Nd6 55.Ke2 Nf5 56.Bb5 Nd6 57.Bd3 Ne8 58.Bg6 Nf6 59.Kd3 Nd5 1/2-1/2

[Event "1. Bundesliga 2015/2016"]
[Site "St. Veit/Glan"]
[Date "2016.02.26"]
[Round "6"]
[Board "3"]
[White "Martinovic, Sasa"]
[Black "Predojevic, Borki"]
[Result "1/2-1/2"]
[WhiteElo "2539"]
[BlackElo "2654"]
[PlyCount "62"]
[EventDate "2015.11.05"]
[EventType "team"]
[EventRounds "11"]
[EventCountry "AUT"]
[WhiteTeam "SK Hohenems"]
[BlackTeam "SC MPOE Maria Saal"]

1.d4 e6 2.c4 Bb4+ 3.Nd2 Nf6 4.a3 Be7 5.e4 d6 6.Bd3 e5 7.d5 a5 8.Ne2 O-O 9.O-O c6 10.Nc3
Na6 11.Rb1 Bd7 12.b4 axb4 13.axb4 c5 14.bxc5 Nxc5 15.Be2 Qb8 16.Qc2 Rc8 17.Nb3 Na4
18.Nxa4 Bxa4 19.Qd3 Qc7 20.Be3 Rcb8 21.Rfc1 b6 22.g3 h6 23.Kg2 Nd7 24.h4 Qd8 25.Qc3
Nc5 26.Nxc5 bxc5 27.Bg4 Qc7 28.Qd3 Bd8 29.Bd2 Be8 30.Rxb8 Qxb8 31.Rb1 Qc7 1/2-1/2

[Event "1. Bundesliga 2015/2016"]
[Site "St. Veit/Glan"]
[Date "2016.02.26"]
[Round "6"]
[Board "4"]
[White "Buhmann, Rainer"]
[Black "Breder, Dennis"]
[Result "1/2-1/2"]
[WhiteElo "2645"]
[BlackElo "2474"]
[PlyCount "73"]
[EventDate "2015.11.05"]
[EventType "team"]
[EventRounds "11"]
[EventCountry "AUT"]
[WhiteTeam "SC MPOE Maria Saal"]
[BlackTeam "SK Hohenems"]

1.d4 d5 2.c4 c6 3.Nf3 Nf6 4.e3 e6 5.Nbd2 Nbd7 6.Bd3 Be7 7.O-O O-O 8.b3 b6 9.Bb2 Bb7
10.Qe2 c5 11.Rac1 cxd4 12.Nxd4 dxc4 13.Nxc4 a6 14.a4 Bc5 15.Rfd1 Qe7 16.e4 Rfd8 17.Bb1
Rac8 18.e5 Ne8 19.Be4 Nb8 20.Nf3 Bxe4 21.Qxe4 Nc6 22.h4 Nb4 23.Ng5 g6 24.Nd6 Nxd6
25.exd6 Bxd6 26.Rxc8 Rxc8 27.Qd4 f6 28.Qxd6 Qxd6 29.Rxd6 fxg5 30.hxg5 Nd5 31.Rxe6
Rc2 32.Ba3 Rc3 33.Re8+ Kf7 34.Rf8+ Ke6 35.Re8+ Kf7 36.Rf8+ Ke6 37.Re8+ 1/2-1/2

[Event "1. Bundesliga 2015/2016"]
[Site "St. Veit/Glan"]
[Date "2016.02.26"]
[Round "6"]
[Board "5"]
[White "Froewis, Georg"]
[Black "Naumann, Alexander"]
[Result "0-1"]
[WhiteElo "2452"]
[BlackElo "2555"]
[PlyCount "64"]
[EventDate "2015.11.05"]
[EventType "team"]
[EventRounds "11"]
[EventCountry "AUT"]
[WhiteTeam "SK Hohenems"]
[BlackTeam "SC MPOE Maria Saal"]

1.c4 Nf6 2.Nf3 g6 3.Nc3 Bg7 4.e4 d6 5.d4 O-O 6.Be2 e5 7.O-O Nc6 8.d5 Ne7 9.Ne1 Nd7
10.Nd3 f5 11.f3 f4 12.Bd2 g5 13.Rc1 Ng6 14.c5 Nf6 15.Nb5 Rf7 16.Ba5 b6 17.cxd6 cxd6
18.Be1 g4 19.fxg4 Nxe4 20.Nb4 a6 21.Nc6 Qg5 22.Rc4 axb5 23.Rxe4 Rxa2 24.Nb4 Ra8 25.h3
h5 26.gxh5 Bxh3 27.g4 Bxf1 28.hxg6 Qxg6 29.Bf3 Bh3 30.Nd3 Bxg4 31.Bxg4 Qxe4 32.Be6
Qg6+ 0-1

[Event "1. Bundesliga 2015/2016"]
[Site "St. Veit/Glan"]
[Date "2016.02.26"]
[Round "6"]
[Board "6"]
[White "Schachinger, Mario"]
[Black "Studer, Noël"]
[Result "0-1"]
[WhiteElo "2434"]
[BlackElo "2438"]
[PlyCount "72"]
[EventDate "2015.11.05"]
[EventType "team"]
[EventRounds "11"]
[EventCountry "AUT"]
[WhiteTeam "SC MPOE Maria Saal"]
[BlackTeam "SK Hohenems"]

1.d4 e6 2.c4 Nf6 3.Nf3 b6 4.g3 Bb7 5.Bg2 Be7 6.O-O O-O 7.Re1 d5 8.cxd5 exd5 9.Nc3
Nbd7 10.Bf4 c5 11.Rc1 Ne4 12.Nxe4 dxe4 13.Nd2 f5 14.Nb3 Rc8 15.dxc5 Nxc5 16.Nxc5 Bxc5
17.a3 Qd4 18.Qxd4 Bxd4 19.b4 Bb2 20.Rb1 Rc2 21.Red1 Bc6 22.Bc1 Bc3 23.b5 Be8 24.Bf4
Bb2 25.Bd6 Rf7 26.Bb4 Rd7 27.a4 Bf6 28.Bh3 g6 29.e3 Ra2 30.Rdc1 Rxa4 31.Bf1 Bf7 32.Rc8+
Rd8 33.Rc7 Be5 34.Re7 Ba2 35.Bc4+ Bxc4 36.Rxe5 Rxb4 0-1

[Event "1. Bundesliga 2015/2016"]
[Site "St. Veit/Glan"]
[Date "2016.02.26"]
[Round "6"]
[Board "1"]
[White "Bromberger, Stefan"]
[Black "Schmidt, Peter"]
[Result "1/2-1/2"]
[WhiteElo "2531"]
[BlackElo "2386"]
[PlyCount "68"]
[EventDate "2015.11.05"]
[EventType "team"]
[EventRounds "11"]
[EventCountry "AUT"]
[WhiteTeam "SIR Royal Salzburg"]
[BlackTeam "Spg Sauwald"]

1.e4 d6 2.d4 Nf6 3.Nc3 e5 4.Nf3 Nbd7 5.Bc4 Be7 6.a4 O-O 7.O-O c6 8.h3 Qc7 9.Re1 exd4
10.Nxd4 Ne5 11.Ba2 Re8 12.a5 Bd7 13.Bf4 Ng6 14.Bh2 Bf8 15.f4 b5 16.axb6 Qxb6 17.Kh1
Rad8 18.Qd3 Bc8 19.Nf3 Be6 20.Bxe6 fxe6 21.Ra6 Qb7 22.Rea1 d5 23.e5 Nd7 24.Rxa7 Qb4
25.Nd4 Nb8 26.f5 exf5 27.Nxf5 Kh8 28.Nd6 Bxd6 29.exd6 Nd7 30.R7a4 Qb8 31.Qd2 Nde5
32.Re1 Qxd6 33.b3 Qf6 34.Bg3 h6 1/2-1/2

[Event "1. Bundesliga 2015/2016"]
[Site "St. Veit/Glan"]
[Date "2016.02.26"]
[Round "6"]
[Board "2"]
[White "Testor, Sebastian"]
[Black "Mons, Leon"]
[Result "1/2-1/2"]
[WhiteElo "2330"]
[BlackElo "2461"]
[PlyCount "60"]
[EventDate "2015.11.05"]
[EventType "team"]
[EventRounds "11"]
[EventCountry "AUT"]
[WhiteTeam "Spg Sauwald"]
[BlackTeam "SIR Royal Salzburg"]

1.d4 d6 2.Nf3 g6 3.c4 Bg7 4.Nc3 Bg4 5.e3 c5 6.Be2 cxd4 7.Nxd4 Bxe2 8.Ncxe2 Nf6 9.O-O
O-O 10.b3 Nc6 11.Bb2 Qb6 12.Rc1 Rfd8 13.Qc2 Rac8 14.Nxc6 Qxc6 15.Qb1 a6 16.Rfd1 b5
17.cxb5 Qxb5 18.Nd4 Qb7 19.Rxc8 Rxc8 20.Rc1 Nd5 21.Ne2 Rxc1+ 22.Qxc1 Bxb2 23.Qxb2
Qb4 24.Qc1 a5 25.g3 h5 26.Nf4 Nxf4 27.gxf4 a4 28.bxa4 Qxa4 29.Qc8+ Kg7 30.Qc3+ f6 1/2-1/2

[Event "1. Bundesliga 2015/2016"]
[Site "St. Veit/Glan"]
[Date "2016.02.26"]
[Round "6"]
[Board "3"]
[White "Seyb, Alexander"]
[Black "Hiermann, Dietmar"]
[Result "1-0"]
[WhiteElo "2417"]
[BlackElo "2270"]
[PlyCount "49"]
[EventDate "2015.11.05"]
[EventType "team"]
[EventRounds "11"]
[EventCountry "AUT"]
[WhiteTeam "SIR Royal Salzburg"]
[BlackTeam "Spg Sauwald"]

1.e4 e5 2.Nf3 Nc6 3.Bb5 Nge7 4.Nc3 d6 5.d4 a6 6.Be2 Nxd4 7.Nxd4 exd4 8.Qxd4 Nc6 9.Qd3
g6 10.h4 Bg7 11.Bg5 f6 12.Be3 Ne5 13.Qd2 h5 14.O-O-O Be6 15.Nd5 O-O 16.Rdf1 b5 17.f4
Nc4 18.Bxc4 bxc4 19.f5 gxf5 20.exf5 Bf7 21.g4 Re8 22.g5 c3 23.Nxc3 Rb8 24.Rhg1 Kf8
25.Bd4 1-0

[Event "1. Bundesliga 2015/2016"]
[Site "St. Veit/Glan"]
[Date "2016.02.26"]
[Round "6"]
[Board "4"]
[White "Hellmayr, Alois"]
[Black "Hilverda, Alexander"]
[Result "0-1"]
[WhiteElo "2248"]
[BlackElo "2378"]
[PlyCount "134"]
[EventDate "2015.11.05"]
[EventType "team"]
[EventRounds "11"]
[EventCountry "AUT"]
[WhiteTeam "Spg Sauwald"]
[BlackTeam "SIR Royal Salzburg"]

1.d4 f5 2.g3 Nf6 3.Bg2 g6 4.b3 Bg7 5.Bb2 O-O 6.Nd2 d6 7.Ngf3 c6 8.O-O a5 9.a4 Na6
10.Re1 Nb4 11.c3 Nbd5 12.e4 fxe4 13.Nxe4 Nxe4 14.Rxe4 Bf5 15.Re1 Qd7 16.Qd2 Bg4 17.Ng5
h6 18.Ne4 Bf3 19.c4 Nb4 20.Re3 Bxg2 21.Kxg2 Qf5 22.Rc1 c5 23.d5 Bxb2 24.Qxb2 Nd3 25.Qd2
Nxc1 26.Qxc1 e6 27.dxe6 Rae8 28.Qe1 Rxe6 29.f3 b6 30.Rd3 g5 31.h3 h5 32.g4 hxg4 33.hxg4
Qf4 34.Qe2 Rfe8 35.Re3 Kg7 36.Qb2+ Kf7 37.Qd2 Kg7 38.Qd3 Kg8 39.Re2 R8e7 40.Qd5 Kg7
41.Qf5 Rh6 42.Qxf4 gxf4 43.Rd2 Kf8 44.g5 Rg6 45.Rd5 Re5 46.Kh3 Rxd5 47.cxd5 b5 48.axb5
c4 49.bxc4 a4 50.b6 Ke7 51.c5 dxc5 52.d6+ Ke6 53.b7 Rg8 54.Nxc5+ Kxd6 55.Nxa4 Rb8
56.Kg4 Rxb7 57.Nc3 Ke5 58.Ne4 Rb1 59.Kh3 Kf5 60.Kg2 Rb2+ 61.Kf1 Ra2 62.Kg1 Ke5 63.Nf2
Kd4 64.Ng4 Ra5 65.g6 Rg5 66.Kg2 Rxg6 67.Kh3 Rxg4 0-1

[Event "1. Bundesliga 2015/2016"]
[Site "St. Veit/Glan"]
[Date "2016.02.26"]
[Round "6"]
[Board "5"]
[White "Tischbierek, Raj"]
[Black "Renner, Christoph"]
[Result "1-0"]
[WhiteElo "2442"]
[BlackElo "2326"]
[PlyCount "111"]
[EventDate "2015.11.05"]
[EventType "team"]
[EventRounds "11"]
[EventCountry "AUT"]
[WhiteTeam "SIR Royal Salzburg"]
[BlackTeam "Spg Sauwald"]

1.g3 d5 2.Bg2 e5 3.d3 c6 4.Nf3 Nd7 5.O-O Ngf6 6.e4 dxe4 7.dxe4 Bc5 8.Nbd2 O-O 9.b3
Re8 10.Bb2 b6 11.h3 a5 12.Re1 Ba6 13.a3 b5 14.Nf1 Qb6 15.Ne3 Rad8 16.Nd2 Bd4 17.c3
Bxe3 18.Rxe3 Nc5 19.b4 Nb3 20.Qxb3 Rxd2 21.bxa5 Qxa5 22.Bc1 Rd6 23.Re1 Qa4 24.Qb4
Rd1 25.Bg5 Rxe1+ 26.Rxe1 Qxb4 27.axb4 Bc8 28.Rd1 Be6 29.f4 Nh5 30.f5 Bb3 31.Rd6 Nxg3
32.Kf2 Nh5 33.Rxc6 h6 34.Be3 Ra8 35.Rd6 Nf6 36.Rd2 Bc4 37.Bf3 Kh7 38.Rd6 Ra2+ 39.Bd2
Ra1 40.Bg2 Ra2 41.Bf3 Ra8 42.Be3 Kg8 43.Kg3 Rc8 44.Bb6 Kh7 45.Kf2 Bb3 46.Bc5 Bc2 47.Ke3
Ra8 48.Rd2 Bb1 49.Bd6 Ne8 50.Bxe5 f6 51.Bf4 Rc8 52.Bh5 Rxc3+ 53.Kf2 Rc8 54.Bg6+ Kg8
55.Kf3 Bc2 56.Bxe8 1-0

[Event "1. Bundesliga 2015/2016"]
[Site "St. Veit/Glan"]
[Date "2016.02.26"]
[Round "6"]
[Board "6"]
[White "Taggatz, Mario"]
[Black "Pitl, Gregory"]
[Result "1/2-1/2"]
[WhiteElo "2209"]
[BlackElo "2396"]
[PlyCount "43"]
[EventDate "2015.11.05"]
[EventType "team"]
[EventRounds "11"]
[EventCountry "AUT"]
[WhiteTeam "Spg Sauwald"]
[BlackTeam "SIR Royal Salzburg"]

1.d4 Nf6 2.c4 e6 3.Nc3 Bb4 4.e3 O-O 5.Bd3 d5 6.a3 Bxc3+ 7.bxc3 c5 8.cxd5 exd5 9.Ne2
Re8 10.O-O Nc6 11.f3 Qd6 12.Ng3 Be6 13.Ra2 Rad8 14.Re2 Bc8 15.Nf5 Bxf5 16.Bxf5 b5
17.Bb1 a5 18.Rfe1 Re6 19.Bf5 Ree8 20.Bb1 Re6 21.Bf5 Ree8 22.Bb1 1/2-1/2

[Event "1. Bundesliga 2015/2016"]
[Site "St. Veit/Glan"]
[Date "2016.02.26"]
[Round "6"]
[Board "1"]
[White "Prohaszka, Peter"]
[Black "Luther, Thomas"]
[Result "1-0"]
[WhiteElo "2598"]
[BlackElo "2558"]
[PlyCount "69"]
[EventDate "2015.11.05"]
[EventType "team"]
[EventRounds "11"]
[EventCountry "AUT"]
[WhiteTeam "SV Jacques Lemans St. Veit"]
[BlackTeam "Schachklub Absam"]

1.d4 e6 2.c4 Bb4+ 3.Bd2 a5 4.g3 d5 5.Nf3 dxc4 6.Bg2 Nc6 7.Bc3 Nge7 8.a3 Bxc3+ 9.Nxc3
O-O 10.O-O Rb8 11.Rc1 b6 12.e4 Ba6 13.d5 exd5 14.exd5 Na7 15.Re1 Nf5 16.Ne5 Nd6 17.Ne4
Re8 18.Nxd6 Qxd6 19.Nxc4 Qf6 20.Rxe8+ Rxe8 21.Ne3 Qxb2 22.Rxc7 Nb5 23.Rc2 Qb3 24.Bf1
a4 25.Bc4 Qxa3 26.Ra2 Qc5 27.Qxa4 g6 28.Qxa6 Nc3 29.Rc2 Rxe3 30.fxe3 Qxe3+ 31.Rf2
Ne4 32.Qa8+ Kg7 33.Qa1+ f6 34.Qb2 Qc5 35.Bb3 1-0